| 000 | 01241nam a2200325 i 4500 | ||
|---|---|---|---|
| 003 | EG-GICUC | ||
| 005 | 20260212112948.0 | ||
| 008 | 260212s1989 ua ||||fr|||| 00| 0 ara d | ||
| 017 | _a1989/8520 | ||
| 020 | _a977058578 | ||
| 040 |
_a EG-GICUC _bara _c EG-GICUC _d EG-GICUC _erda |
||
| 041 | 0 | _aara | |
| 082 | 0 | 4 |
_a343.381 _bأ ح . أ _221 |
| 092 | 0 | 4 | _221 |
| 099 | _aLaw1 10 343.381 أ ح . أ 1984 1005862 | ||
| 100 | 0 |
_aأحمد شوقي عمر أبو خطوة. _eمؤلف. |
|
| 245 | 1 | 2 |
_aالأحكام الجنائية الغيابية : _bدراسة تحليلية مقارنة / _cأحمد شوقي عمر أبو خطوة. |
| 264 | 3 |
_aالقاهرة : _bدار النهضة العربية، _c1989. |
|
| 300 |
_a224 صفحة ؛ _c24 سم. _bإيضاحيات، صور، مثيليات ؛ |
||
| 336 |
_2rda content _atext |
||
| 337 |
_2rda media _aComputer |
||
| 338 |
_2rda carrier _aOnline Resource |
||
| 504 | _aيشتمل على ارجاعات ببليوجرافية. | ||
| 546 | _aالنص باللغة العربية | ||
| 650 | 1 | 4 |
_aأنواع الأحكام الجنائية _2qrmak |
| 651 | 1 | _2qrmak | |
| 856 | 4 | 0 | _uhttps://fll.law.cu.edu.eg/fulltext/bks/B10-05862.pdf |
| 905 | _a18 | ||
| 942 |
_2ddc _cBK _e21 _n0 |
||
| 999 |
_c62757 _d62757 |
||